000 00254nam a22001217a 4500
020 _a0-14-032919-6
082 _a821
_bBRA/W
245 _aWHAT A WONDERFUL DAY
260 _aLONDON
_bPUFFIN BOOKS
300 _a60
650 _aPOETRY
_z LONDON
942 _cBK
999 _c3896
_d3896